[Event "V. Solinger Karnevals-Open"]
[Site "Solingen"]
[Date "2014.03.02"]
[Round "5.16"]
[White "Richters, Marc"]
[Black "Rieger, Isabelle"]
[Result "0-1"]
[WhiteElo "2062"]
[BlackElo "1692"]
[PlyCount "86"]
[EventDate "2014.??.??"]
[WhiteTeam "Kettwiger SG 194"]
[BlackTeam "SV Fideler Bauer Lever"]

1. e4 c5 2. c3 d5 3. exd5 Qxd5 4. d4 cxd4 5. cxd4 Nc6 6. Nf3 e6 7. Nc3 Qd8 8.
Be2 Nf6 9. O-O Be7 10. Bf4 O-O 11. Rc1 b6 12. Re1 Bb7 13. Be3 Nb4 14. Ne5 Rc8
15. Qa4 Ra8 16. a3 Nbd5 17. Nc6 Bxc6 18. Qxc6 Nxc3 19. Qxc3 Nd5 20. Qb3 a6 21.
Rc6 Qd7 22. Rec1 b5 23. a4 bxa4 24. Qc4 a5 25. Qxa4 Nb4 26. Bb5 Nxc6 27. Bxc6
Qd8 28. Bxa8 Qxa8 29. Bd2 Rb8 30. Bf4 Rd8 31. h3 Rd5 32. Rc7 Bd6 33. Bxd6 Rxd6
34. Ra7 Qc8 35. g3 h6 36. Rxa5 Qc1+ 37. Kg2 Qxb2 38. Qe8+ Kh7 39. Qxf7 Qxd4 40.
h4 Qe4+ 41. Qf3 Qe1 42. h5 Qxa5 43. Qe4+ Qf5 0-1

[Event "V. Solinger Karnevals-Open"]
[Site "Solingen"]
[Date "2014.03.02"]
[Round "5.17"]
[White "Schaum, Moritz"]
[Black "Esser, Thomas"]
[Result "1/2-1/2"]
[WhiteElo "1999"]
[BlackElo "1984"]
[PlyCount "23"]
[EventDate "2014.??.??"]
[WhiteTeam "SF Erkelenz 1959 e.V."]
[BlackTeam "SV Horrem 1948"]

1. d4 d5 2. c4 c6 3. Nf3 Nf6 4. Nc3 dxc4 5. a4 Bf5 6. Ne5 Nbd7 7. Nxc4 Qc7 8.
g3 e5 9. dxe5 Nxe5 10. Bf4 Nfd7 11. Nxe5 Nxe5 12. Bg2 1/2-1/2

[Event "V. Solinger Karnevals-Open"]
[Site "Solingen"]
[Date "2014.03.02"]
[Round "5.18"]
[White "Drose, Daniela"]
[Black "Müller, Adrian"]
[Result "1-0"]
[WhiteElo "1954"]
[BlackElo "1453"]
[PlyCount "81"]
[EventDate "2014.??.??"]
[WhiteTeam "Aachener SV 1856 e.V."]
[BlackTeam "SV Fideler Bauer Lever"]

1. c4 Nf6 2. g3 g6 3. Bg2 Bg7 4. Nf3 O-O 5. O-O d6 6. d4 c5 7. Nc3 Nc6 8. d5
Na5 9. Nd2 b6 10. Rb1 Rb8 11. b3 a6 12. Qc2 b5 13. Bb2 e6 14. e4 e5 15. Ne2 Nh5
16. f4 f5 17. fxe5 dxe5 18. cxb5 Qb6 19. Nc4 Nxc4 20. bxc4 axb5 21. cxb5 Re8
22. a4 Nf6 23. Rbc1 c4+ 24. Kh1 Ng4 25. Qxc4 Ne3 26. Qc6 Qxc6 27. dxc6 Nxf1 28.
Rxf1 Be6 29. Nc3 Bh6 30. exf5 Bxf5 31. Nd5 Bg7 32. b6 Bc8 33. a5 Ba6 34. Nf6+
Bxf6 35. Rxf6 e4 36. c7 Ra8 37. Rf4 Bb7 38. Bc3 Ra6 39. Kg1 Raa8 40. Bf1 g5 41.
Bc4+ 1-0

[Event "V. Solinger Karnevals-Open"]
[Site "Solingen"]
[Date "2014.03.02"]
[Round "5.19"]
[White "Lückerath, Moritz"]
[Black "Bigott, Martin"]
[Result "0-1"]
[WhiteElo "1700"]
[BlackElo "1890"]
[PlyCount "38"]
[EventDate "2014.??.??"]
[WhiteTeam "DÃ¼sseldorfer SK 14/25 e."]
[BlackTeam "SF Lohmar 1974 e.V."]

1. e4 Nf6 2. e5 Nd5 3. d4 d6 4. c4 Nb6 5. exd6 exd6 6. d5 Bf5 7. Nf3 Be7 8. Nd4
Bg6 9. Bd3 N8d7 10. O-O Ne5 11. Bxg6 hxg6 12. b3 Qd7 13. Nc3 O-O-O 14. h3 g5
15. Nf3 Rxh3 16. Nxe5 dxe5 17. gxh3 Qxh3 18. Qe2 Rh8 19. f4 Bc5+ 0-1

[Event "V. Solinger Karnevals-Open"]
[Site "Solingen"]
[Date "2014.03.02"]
[Round "5.20"]
[White "Vranidis, Athanassios"]
[Black "Botvinnik, Alexander"]
[Result "1-0"]
[WhiteElo "1883"]
[BlackElo "1579"]
[PlyCount "69"]
[EventDate "2014.??.??"]
[WhiteTeam "SG Solingen e.V."]
[BlackTeam "DÃ¼sseldorfer SK 14/25 e."]

1. d4 d5 2. c4 e6 3. Nc3 Nf6 4. cxd5 exd5 5. Bg5 Be7 6. e3 O-O 7. Bd3 Be6 8.
Qc2 h6 9. Bh4 c5 10. Nf3 c4 11. Bf5 Qd7 12. Bxe6 Qxe6 13. O-O Nc6 14. a3 Rfe8
15. Rfe1 Ne4 16. Bxe7 Nxc3 17. bxc3 Rxe7 18. Nd2 a6 19. a4 Rae8 20. f3 Qd7 21.
e4 Na5 22. e5 f6 23. f4 fxe5 24. fxe5 Rf8 25. Rf1 Ref7 26. Qg6 Rxf1+ 27. Nxf1
Qf7 28. Qxf7+ Rxf7 29. Ne3 Nb3 30. Re1 Rd7 31. e6 Rd8 32. Nxd5 Re8 33. Nb6 Nd2
34. d5 g5 35. d6 1-0

[Event "V. Solinger Karnevals-Open"]
[Site "Solingen"]
[Date "2014.03.02"]
[Round "5.21"]
[White "Kissing, Bastian"]
[Black "Günaydin, Alperen"]
[Result "0-1"]
[WhiteElo "1563"]
[BlackElo "1708"]
[PlyCount "102"]
[EventDate "2014.??.??"]
[WhiteTeam "SC Tornado Wuppertal 199"]
[BlackTeam "OSC Rheinhausen 04 e.V."]

1. e4 e6 2. d4 d5 3. Nc3 Nf6 4. e5 Nfd7 5. f4 c5 6. Nf3 Nc6 7. Be3 Be7 8. Qd2
a6 9. dxc5 Nxc5 10. Nd4 Bd7 11. Qf2 Qa5 12. Nb3 Nxb3 13. cxb3 Bb4 14. Bd2 Rc8
15. Bd3 Ne7 16. h4 Bc6 17. g4 h5 18. g5 Nf5 19. Bxf5 exf5 20. Rh3 O-O 21. Nd1
Rc7 22. Bxb4 Qxb4+ 23. Qd2 Qe4+ 24. Qe3 d4 25. Qxe4 Bxe4 26. Nf2 Rfc8 27. Nd3
Rc2 28. Rd1 Rg2 29. Kf1 Rcc2 30. Rh1 Bxd3+ 31. Rxd3 Rxb2 32. Rxd4 Rgc2 33. Ke1
Rxa2 34. b4 Rcb2 35. Rh3 Ra1+ 36. Rd1 Rxd1+ 37. Kxd1 Rxb4 38. Rf3 Kf8 39. Ke2
Ke7 40. Rf1 b5 41. Ke3 Re4+ 42. Kf3 a5 43. Rc1 a4 44. Rc7+ Ke6 45. Rc6+ Kd7 46.
Ra6 Rb4 47. Ra7+ Ke6 48. Ra6+ Kd5 49. Rd6+ Kc5 50. e6 Kxd6 51. exf7 Ke7 0-1

[Event "V. Solinger Karnevals-Open"]
[Site "Solingen"]
[Date "2014.03.02"]
[Round "5.22"]
[White "Hoffmann, Philipp"]
[Black "Luig, Benjamin"]
[Result "1/2-1/2"]
[WhiteElo "1914"]
[BlackElo "1877"]
[PlyCount "53"]
[EventDate "2014.??.??"]
[WhiteTeam "Schach Nienberge 2003"]
[BlackTeam "Post-Telekom SV 1925 Aachen e.V."]

1. e4 c6 2. d4 d5 3. f3 dxe4 4. fxe4 e5 5. Nf3 Bg4 6. Bc4 Qxd4 7. Bxf7+ Ke7 8.
Qxd4 exd4 9. Bxg8 Bxf3 10. Bg5+ Ke8 11. gxf3 Rxg8 12. Nd2 c5 13. f4 Nc6 14. Nf3
Be7 15. Rg1 Rf8 16. f5 g6 17. Bh6 Rf6 18. fxg6 Rxg6 19. Rxg6 hxg6 20. Ke2 Kf7
21. a3 Rh8 22. Bf4 Ke6 23. Rg1 Kf7 24. Rf1 Ke6 25. Rg1 Kf7 26. Rf1 Ke6 27. Rg1
1/2-1/2

[Event "V. Solinger Karnevals-Open"]
[Site "Solingen"]
[Date "2014.03.02"]
[Round "5.23"]
[White "Wiedemann, Jan"]
[Black "Hoffmann, Frank"]
[Result "1/2-1/2"]
[WhiteElo "1611"]
[BlackElo "1843"]
[PlyCount "32"]
[EventDate "2014.??.??"]
[WhiteTeam "SC Heilsbronn 1951 e.V."]
[BlackTeam "SV Springer 70 Hitdorf"]

1. d4 d5 2. Nf3 c6 3. c3 Nf6 4. Bg5 e6 5. e3 Be7 6. Bd3 Nbd7 7. h3 Qc7 8. O-O
h6 9. Bf4 Bd6 10. Bxd6 Qxd6 11. Qe2 a5 12. Nbd2 O-O 13. e4 dxe4 14. Nxe4 Nxe4
15. Qxe4 Nf6 16. Qe5 Qxe5 1/2-1/2

[Event "V. Solinger Karnevals-Open"]
[Site "Solingen"]
[Date "2014.03.02"]
[Round "5.24"]
[White "Roth, Jan Paul"]
[Black "Krieger, Alexander"]
[Result "0-1"]
[WhiteElo "1432"]
[BlackElo "1737"]
[PlyCount "56"]
[EventDate "2014.??.??"]
[WhiteTeam "OSC Rheinhausen 04 e.V."]
[BlackTeam "Schach-Klub TÃ¶nsberg Oerlinghaus"]

1. d4 Nf6 2. Nf3 d5 3. Bf4 Bg4 4. e3 Nh5 5. Bg3 e6 6. Nbd2 Nxg3 7. hxg3 c5 8.
c3 cxd4 9. exd4 Nd7 10. Rh4 h5 11. Qb3 Qc7 12. Bb5 Bf5 13. Ne5 O-O-O 14. Nxf7
Bd6 15. O-O-O Nf6 16. Nxd8 Rxd8 17. Nf3 Ng4 18. Bd3 Bxd3 19. Rxd3 Nxf2 20. Re3
Bxg3 21. Rxh5 Bf4 22. Kd2 Ng4 23. Qa3 Bxe3+ 24. Kc2 a6 25. Ng5 Bxg5 26. Rxg5
Ne3+ 27. Kd3 Nc4 28. Qb4 Qf4 0-1

[Event "V. Solinger Karnevals-Open"]
[Site "Solingen"]
[Date "2014.03.02"]
[Round "5.25"]
[White "Fodor, Bernhard"]
[Black "Peters, Jens"]
[Result "0-1"]
[WhiteElo "1363"]
[BlackElo "1723"]
[PlyCount "58"]
[EventDate "2014.??.??"]
[WhiteTeam "SG Solingen e.V."]
[BlackTeam "SK Xanten e.V."]

1. f4 d5 2. Nf3 Nf6 3. g3 c5 4. c4 e6 5. Bg2 Nc6 6. O-O g6 7. d3 Bg7 8. Nc3 O-O
9. Qc2 b6 10. a3 Bb7 11. h3 dxc4 12. Ne5 Nd4 13. Qa4 Bxg2 14. Kxg2 cxd3 15.
exd3 Nd5 16. Qd7 Qxd7 17. Nxd7 Rfd8 18. Ne5 Nc2 19. Nxd5 Rxd5 20. Ra2 Bxe5 21.
fxe5 Rxe5 22. Rf2 Ne1+ 23. Kf1 Nxd3 24. Bf4 Re1+ 25. Kg2 Nxf2 26. Kxf2 Rd1 27.
Ke2 Rad8 28. b3 f5 29. Be5 R1d5 0-1

[Event "V. Solinger Karnevals-Open"]
[Site "Solingen"]
[Date "2014.03.02"]
[Round "5.26"]
[White "Nink, Niklas"]
[Black "Kunisch, Nina"]
[Result "1-0"]
[WhiteElo "1720"]
[BlackElo "1121"]
[PlyCount "77"]
[EventDate "2014.??.??"]
[WhiteTeam "SG Solingen e.V."]
[BlackTeam "TV-GroÃŸostheim 1900 e.V."]

1. e4 c6 2. d4 d5 3. e5 Bf5 4. g4 Bd7 5. Nc3 e6 6. Bd2 b5 7. f4 a5 8. Qf3 g6 9.
h4 Be7 10. g5 h6 11. h5 Na6 12. hxg6 fxg6 13. Bd3 Qb6 14. Bxg6+ Kd8 15. Nce2 c5
16. Be3 Nb4 17. a3 Nc6 18. dxc5 Bxc5 19. Bxc5 Qxc5 20. Qc3 Qb6 21. f5 exf5 22.
e6 d4 23. Qd2 Bxe6 24. O-O-O Kc7 25. Nf3 Bd5 26. Qf4+ Kb7 27. Rhe1 Nge7 28.
Bxf5 Raf8 29. Nexd4 Bxf3 30. Qxf3 Kc7 31. Ne6+ Kb8 32. Nxf8 Rxf8 33. Qg3+ Ka7
34. Rd7+ Ka6 35. Be4 Rg8 36. g6 Qc5 37. Bxc6 Rxg6 38. Bb7+ Kb6 39. Qxg6+ 1-0

[Event "V. Solinger Karnevals-Open"]
[Site "Solingen"]
[Date "2014.03.02"]
[Round "5.27"]
[White "Runte, Dirk"]
[Black "Breuer, Cindy"]
[Result "1-0"]
[WhiteElo "1776"]
[BlackElo "1540"]
[PlyCount "37"]
[EventDate "2014.??.??"]
[WhiteTeam "SV Fideler Bauer Lever"]
[BlackTeam "SK Xanten e.V."]

1. d4 c6 2. c4 d5 3. Nf3 Bg4 4. Ne5 Nf6 5. Nxg4 Nxg4 6. e3 Nf6 7. Nc3 e6 8. Qf3
Bb4 9. Bd3 Nbd7 10. O-O c5 11. cxd5 Bxc3 12. dxe6 Bxd4 13. exd7+ Qxd7 14. exd4
O-O 15. dxc5 Rac8 16. Bf5 Qc6 17. Bxc8 Qxf3 18. gxf3 Rxc8 19. Rd1 1-0

[Event "V. Solinger Karnevals-Open"]
[Site "Solingen"]
[Date "2014.03.02"]
[Round "5.28"]
[White "Winand, Michael"]
[Black "Falge, Rainer"]
[Result "1/2-1/2"]
[WhiteElo "1680"]
[BlackElo "1732"]
[PlyCount "32"]
[EventDate "2014.??.??"]
[WhiteTeam "Aachener SV 1856 e.V."]
[BlackTeam "SG Solingen e.V."]

1. e4 c5 2. Nf3 Nc6 3. g3 Nf6 4. d3 d6 5. Bg2 g6 6. O-O Bg7 7. Re1 Bg4 8. c3
Nd7 9. h3 Be6 10. Ng5 Nf8 11. f4 Qd7 12. Nd2 h6 13. Nxe6 Nxe6 14. a4 Nc7 15.
Qf3 O-O 16. Nc4 Rad8 1/2-1/2

[Event "V. Solinger Karnevals-Open"]
[Site "Solingen"]
[Date "2014.03.02"]
[Round "5.29"]
[White "Rist, Kurt"]
[Black "Breuer, Leon"]
[Result "1-0"]
[WhiteElo "1680"]
[BlackElo "1485"]
[PlyCount "123"]
[EventDate "2014.??.??"]
[WhiteTeam "SG Solingen e.V."]
[BlackTeam "SK Xanten e.V."]

1. e4 e6 2. d4 d5 3. Nd2 Nf6 4. e5 Nfd7 5. Bb5 a6 6. Bd3 c5 7. c3 Nc6 8. Ne2
Qb6 9. Nf3 f6 10. exf6 Nxf6 11. O-O Bd7 12. Ng5 cxd4 13. cxd4 Bd6 14. Bf4 Bxf4
15. Nxf4 Nxd4 16. Bxh7 O-O-O 17. Bd3 e5 18. Ng6 Rh5 19. Nxe5 Kb8 20. Nxd7+ Rxd7
21. Nf3 Qd6 22. h3 Ng4 23. Ne5 Nxe5 24. Qxh5 Nxd3 25. Qe8+ Rd8 26. Qe3 Nf4 27.
Rad1 Nde2+ 28. Kh1 Rh8 29. Rfe1 Qg6 30. Qf3 Qh5 31. Qxh5 Rxh5 32. Kh2 d4 33.
Rxe2 Nxe2 34. g3 Kc7 35. Kg2 Kd6 36. Kf3 Re5 37. Rd2 Ng1+ 38. Kg2 Ne2 39. Kf3
Nc1 40. Rxd4+ Kc6 41. Rc4+ Rc5 42. Rd4 Nxa2 43. Rg4 g5 44. Ke3 b5 45. f4 gxf4+
46. Rxf4 b4 47. Kd4 Nc1 48. Rf2 Rd5+ 49. Ke4 Rb5 50. g4 a5 51. h4 a4 52. g5 Rc5
53. Rh2 Rc4+ 54. Kf5 Kd7 55. h5 Ke7 56. h6 a3 57. h7 Rh4 58. Rxh4 a2 59. h8=Q
a1=Q 60. Qe5+ Kd7 61. Rd4+ Kc6 62. Rd6+ 1-0

[Event "V. Solinger Karnevals-Open"]
[Site "Solingen"]
[Date "2014.03.02"]
[Round "5.31"]
[White "Ehringfeld, Michael"]
[Black "Vishanji, Franz"]
[Result "1-0"]
[WhiteElo "1364"]
[BlackElo "1616"]
[PlyCount "120"]
[EventDate "2014.??.??"]
[WhiteTeam "SG Solingen e.V."]
[BlackTeam "SV Turm Drolshagen 04"]

1. d4 e6 2. Nf3 Nf6 3. Bg5 Be7 4. e3 O-O 5. Nbd2 d5 6. Bd3 Nbd7 7. O-O c5 8. c3
b6 9. Ne5 Nxe5 10. dxe5 Nd7 11. Bxe7 Qxe7 12. f4 f6 13. Nf3 Bb7 14. exf6 Rxf6
15. Ng5 Rh6 16. Qc2 Nf6 17. Rae1 e5 18. Bf5 Bc8 19. Bxc8 Rxc8 20. Qf5 Re8 21.
c4 dxc4 22. Nf3 Rh5 23. Qc2 exf4 24. Qxc4+ Qf7 25. Qxf7+ Kxf7 26. exf4 Rd5 27.
Ng5+ Kg8 28. Nf3 Red8 29. Re2 Rd3 30. Rfe1 Nd5 31. Ng5 Nf6 32. Re7 R3d7 33.
R7e2 Rd2 34. Kf1 c4 35. h3 Rxe2 36. Rxe2 h6 37. Ne6 Re8 38. Nc7 Rf8 39. g4 Rf7
40. Ne6 b5 41. f5 h5 42. g5 Nh7 43. Re5 Rb7 44. Nd8 Rb8 45. Nc6 Rb6 46. Ne7+
Kf8 47. g6 Nf6 48. Nc8 Rb7 49. Nd6 Rb6 50. Nf7 b4 51. Ng5 c3 52. bxc3 bxc3 53.
Ne6+ Kg8 54. Nd4 Rd6 55. Rc5 Kh8 56. Rc4 Rd5 57. Ke2 Ra5 58. a4 Re5+ 59. Kd3 a5
60. Rxc3 Re8 1-0

[Event "V. Solinger Karnevals-Open"]
[Site "Solingen"]
[Date "2014.03.02"]
[Round "5.32"]
[White "Barche, Robert"]
[Black "Cornelißen, Jonas"]
[Result "1-0"]
[WhiteElo "1370"]
[BlackElo "1008"]
[PlyCount "121"]
[EventDate "2014.??.??"]
[WhiteTeam "SG Solingen e.V."]
[BlackTeam "SK Xanten e.V."]

1. c4 c6 2. d4 e6 3. Bf4 d5 4. c5 g6 5. Nf3 Bg7 6. e3 Nf6 7. Nc3 O-O 8. Bd3
Nbd7 9. O-O Qe7 10. Bd6 Qe8 11. Bxf8 Kxf8 12. b4 e5 13. Nd2 e4 14. Be2 Qd8 15.
a4 Qc7 16. Rb1 h5 17. b5 Nh7 18. f3 Ndf6 19. fxe4 Bg4 20. h3 Bxe2 21. Qxe2 Ng5
22. e5 Nfe4 23. Ncxe4 dxe4 24. h4 Ne6 25. Nxe4 Kg8 26. Nd6 Qe7 27. g3 g5 28.
Qxh5 gxh4 29. Qxh4 Qxh4 30. gxh4 Bf8 31. Nxf7 cxb5 32. Rxb5 b6 33. cxb6 axb6
34. Rxb6 Nc7 35. Kh1 Nd5 36. Rg6+ Bg7 37. Nh6+ Kh7 38. Rf7 Kxg6 39. Rd7 Nb6 40.
Rd6+ Kh5 41. Nf5 Bf8 42. Rxb6 Rxa4 43. e6 Ra7 44. Kg2 Kg4 45. e4 Kf4 46. Ng3
Bg7 47. Nh5+ Kxe4 48. Nxg7 Rxg7+ 49. Kf2 Kxd4 50. Rd6+ Ke5 51. Rd7 Rg6 52. e7
Re6 53. h5 Kf6 54. h6 Kg6 55. h7 Rf6+ 56. Ke3 Kxh7 57. e8=Q+ Kh6 58. Qh8+ Kg5
59. Rd5+ Kg6 60. Qg8+ Kh6 61. Qg5+ 1-0